000 00322 a2200133 4500
001 153541
040 _cEscola São Tomás de Aquino
100 _aVAZ, Fernando
240 1 0 _aUma escola de pernas pro ar.
_lpor
245 1 0 _aUma escola de pernas pro ar.
362 0 _a2001
697 _a*LITERATURA JUVENIL
942 _cBK
999 _c153541
_d153541